000 01134nam a2200229Ia 4500
003 Ost
005 20260416102400.0
008 260416s9999||||xx |||||||||||||| ||und||
040 _cfsecg
041 _aara
082 _a657.0151
100 _aآيت سعيد، فوزي
_eمؤلف
245 0 _aالرياضيات المالية :
_bموجهة لطلبة السنة الثانية ليسانس -علوم التسيير- /
_c فوزي آيت سعيد
260 _aالجزائر
_bجامعة الجزائر3: كلية العلوم الإقتصادية، العلوم التجارية وعلوم التسيير
_c2023
300 _a149 ورقة
_bايضاحات
_c12 سم
504 _aالمراجع ص.149
520 _aالعمليات المالية قصيرة الاجل ، العمليات المالية طويلة الاجل .
653 _aالرياضيات المالية
653 _aالمحاسبة- الطرق الرياضية
710 _aجامعة الجزائر3: كلية العلوم الإقتصادية، العلوم التجارية وعلوم التسيير
_eناشر علمي
942 _cHANDOUT
999 _c41401
_d41401